000 00380 a2200157 4500
001 62574
020 _a9788516089856
040 _cAnchieta - Pituba
100 _aOrmundo, Wilton
240 1 0 _aConexões em língua portuguesa
_lpor
245 1 0 _aConexões em língua portuguesa
300 _a263
362 0 _a2013
650 4 _aVariações da língua portuguesa
942 _cBK
999 _c62574
_d62574